Southville International School and Colleges
Your cart is empty.
  • Cart
  • Lists
    Public lists Eva Luna New books Lux_list list_1
    Your lists Log in to create your own lists
  • Log in to your account
  • Your cookies
  • Search history
Southville International School and Colleges
  • Advanced search
  • Recent comments
  • Most popular
  • Libraries

Log in to your account

Log in with GOOGLE


If you do not have an external account, but do have a local account, you can still log in:

  1. Home
  2. MARC view: Welcome to hospitality :
Normal view MARC view ISBD view

Welcome to hospitality : (Record no. 357738)

[ view plain ]
MARC details
000 -LEADER
fixed length control field 00606nam a2200241Ia 4500
008 - FIXED-LENGTH DATA ELEMENTS--GENERAL INFORMATION
fixed length control field 180523s9999 xx 000 0 und d
020 ## - INTERNATIONAL STANDARD BOOK NUMBER
International Standard Book Number 978-1-4390-5737-7
050 ## - LIBRARY OF CONGRESS CALL NUMBER
Classification number MAIN TX 911
050 ## - LIBRARY OF CONGRESS CALL NUMBER
Item number .C46 2010
100 ## - MAIN ENTRY--PERSONAL NAME
Personal name Chon, Kaye.
245 #0 - TITLE STATEMENT
Title Welcome to hospitality :
245 #3 - TITLE STATEMENT
Remainder of title an introduction /
245 #0 - TITLE STATEMENT
Statement of responsibility, etc Kaye Chon, Thomas A. Maier.
250 ## - EDITION STATEMENT
Edition statement 3rd Edition
260 ## - PUBLICATION, DISTRIBUTION, ETC. (IMPRINT)
Place of publication, distribution, etc New York :
260 ## - PUBLICATION, DISTRIBUTION, ETC. (IMPRINT)
Name of publisher, distributor, etc Delmar,
260 ## - PUBLICATION, DISTRIBUTION, ETC. (IMPRINT)
Date of publication, distribution, etc 2010
300 ## - PHYSICAL DESCRIPTION
Extent 494 pages :
300 ## - PHYSICAL DESCRIPTION
Other physical details colored illustrations ;
300 ## - PHYSICAL DESCRIPTION
Dimensions 25 cm.
500 ## - GENERAL NOTE
General note Includes index.
650 ## - SUBJECT ADDED ENTRY--TOPICAL TERM
Topical term or geographic name as entry element Hospitality industry.
Holdings
Withdrawn status Lost status Damaged status Home library Current library Shelving location Date acquired Cost, normal purchase price Total Checkouts Full call number Barcode Date last seen Price effective from Koha item type
      South Mansfield College South Mansfield College   02/14/2011 4.00   MAIN TX 911 .C46 2010 SMC05431 05/23/2018 05/23/2018  

Welcome to hospitality :

APA

Chon K., .Welcome to hospitality. New York: .

Chicago

Chon Kaye, .Welcome to hospitality. New York: .

Harvard

Chon K., .Welcome to hospitality. New York: .

MLA

Chon Kaye, .New York: . .

  • Place hold
  • Print
  • Cite
  • Add to your cart (remove)
  • Save record
    BIBTEX Dublin Core MARCXML MARC (non-Unicode/MARC-8) MARC (Unicode/UTF-8) MARC (Unicode/UTF-8, Standard) MODS (XML) RIS
  • More searches
    Search for this title in:
    Other Libraries (WorldCat) Other Databases (Google Scholar) Online Stores (Bookfinder.com) Open Library (openlibrary.org)

Exporting to Dublin Core...

SOUTHVILLE LIBRARY

Southville International School and Colleges Library

1281 Tropical Ave. Cor. Luxembourg St., BF Homes International, Las Pinas City

Tel. No. 8256374 / 252358 Loc. 117/146

Powered by Koha